| 000 | 00944nam a22002657a 4500 | ||
|---|---|---|---|
| 001 | 7751 | ||
| 003 | FISKH | ||
| 005 | 20250805082039.0 | ||
| 008 | 250805b cb ||||| |||| 00| 0 eng d | ||
| 040 |
_aFISKH _beng _cFISKH _dFISKH |
||
| 050 | _aM1527.2 .W25 | ||
| 082 | _a781.542 | ||
| 100 | _aMcCafferty, Catherine | ||
| 245 |
_aPooh's grand adventure: _bThe search for Christopher Robin / |
||
| 260 |
_aNew York : _bGrolier, _c1997. |
||
| 300 |
_a40 pages : _bcolor illustrations ; _c23 cm |
||
| 505 | _aK | ||
| 520 | _aChristopher Robin leaves a note for Pooh and friends telling them he has to go to school. In a misunderstanding, they believe he has gone to "skull," and they set off on a grand journey to rescue him. | ||
| 521 | 8 |
_a510
_bLexile estimate |
|
| 521 | 8 |
_aK
_bRaz-Plus |
|
| 650 |
_aDisney's Wonderful World of Reading _vDisney |
||
| 700 |
_aJohn Kurtz _eillustrator |
||
| 942 |
_2ddc _cBK _n0 |
||
| 999 |
_c7751 _d7751 |
||